[Event "Salon de Provence op 9th"]
[Site "Salon de Provence"]
[Date "2017.07.07"]
[Round "2"]
[White "Benavides, Jeremy"]
[Black "Barbaras, Mathieu"]
[Result "0-1"]
[WhiteElo "1954"]
[BlackElo "2225"]
[PlyCount "88"]
[EventDate "2017.07.07"]
[EventType "swiss"]
[EventRounds "7"]
[EventCountry "FRA"]
[SourceTitle "EXT 2020"]
[Source "ChessBase"]
[SourceDate "2019.10.17"]
[SourceVersion "1"]
[SourceVersionDate "2019.10.17"]
[SourceQuality "1"]

1. e4 c5 2. d4 cxd4 3. c3 d3 4. Bxd3 Nc6 5. c4 d6 6. h3 g6 7. Nf3 Bg7 8. Nc3 Nf6 9. 0-0 0-0 10. Re1 Nd7 11. Bg5 Nde5 12. Bf1 h6 13. Be3 f5 14. Nxe5 dxe5 15. exf5 gxf5 16. Qb3 f4 17. Bc5 b6 18. Rad1 Qe8 19. Ba3 Kh8 20. Nd5 Rb8 21. Qa4 Bb7 22. b4 f3 23. g3 Qf7 24. Bb2 e6 25. b5 Nd4 26. Bxd4 exd4 27. Nb4 e5 28. Nc6 Rbe8 29. Bd3 Qh5 30. Qxa7 Bxc6 31. bxc6 e4 32. Rxe4 Rxe4 33. Bxe4 Qxh3 34. Bxf3 Rxf3 35. c7 Rf8 36. Qxb6 Qf5 37. Qb2 Qc5 38. Qb5 Qxc7 39. c5 Qf7 40. Rd2 Qe6 41. Qe2 Qd5 42. Qb5 Rc8 43. Rc2 d3 44. Rd2 Rxc5 0-1

[Event "Salon de Provence op 9th"]
[Site "Salon de Provence"]
[Date "2017.07.07"]
[Round "7"]
[White "Benavides, Jeremy"]
[Black "Canonge, Jerome"]
[Result "0-1"]
[WhiteElo "1954"]
[BlackElo "1845"]
[PlyCount "66"]
[EventDate "2017.07.07"]
[EventType "swiss"]
[EventRounds "7"]
[EventCountry "FRA"]
[SourceTitle "EXT 2020"]
[Source "ChessBase"]
[SourceDate "2019.10.17"]
[SourceVersion "1"]
[SourceVersionDate "2019.10.17"]
[SourceQuality "1"]

1. e4 d5 2. exd5 Nf6 3. Nf3 Bg4 4. Be2 Qxd5 5. Nc3 Qf5 6. h3 Qh5 7. d4 Nc6 8. 0-0 0-0-0 9. Be3 e5 10. d5 e4 11. hxg4 Nxg4 12. Nh4 Nce5 13. g3 g5 14. Kg2 gxh4 15. Rh1 Nxe3+ 16. fxe3 Qg6 17. Rxh4 Rg8 18. Qe1 f5 19. Qf2 Be7 20. Rh5 Rdf8 21. Rah1 Ng4 22. Bxg4 fxg4 23. Qe2 Rf3 24. Rxh7 Bd6 25. R7h6 Rxg3+ 26. Kf1 Qf5+ 27. Ke1 Bc5 28. Nd1 Rf3 29. R1h5 Qf8 30. Re6 Bd6 31. Rxe4 g3 32. Qg2 Rf2 33. Qg1 Qf3 0-1

[Event "Salon de Provence op 6th"]
[Site "Salon de Provence"]
[Date "2015.07.04"]
[Round "9"]
[White "Benavides, Jeremy"]
[Black "Colandrea, Sauveur"]
[Result "1-0"]
[WhiteElo "1868"]
[BlackElo "1765"]
[PlyCount "55"]
[EventDate "2015.07.04"]
[EventType "swiss"]
[EventRounds "9"]
[EventCountry "FRA"]
[SourceTitle "EXT 2016"]
[Source "ChessBase"]
[SourceDate "2015.10.08"]
[SourceVersion "1"]
[SourceVersionDate "2015.10.08"]
[SourceQuality "1"]

1. e4 d6 2. d4 Nf6 3. Nc3 e5 4. dxe5 dxe5 5. Qxd8+ Kxd8 6. Bg5 Be6 7. 0-0-0+ Nbd7 8. Nf3 Bd6 9. Bb5 Ke7 10. Bxd7 Bxd7 11. Nd5+ Ke6 12. Bxf6 gxf6 13. Nh4 c6 14. Nxf6 Bc8 15. Ng4 Ke7 16. Ne3 Bc5 17. Nhf5+ Bxf5 18. Nxf5+ Ke6 19. Rd2 Rad8 20. Rhd1 Rxd2 21. Rxd2 h5 22. c3 a5 23. a4 h4 24. h3 Be7 25. Kc2 Rd8 26. Nxe7 Rxd2+ 27. Kxd2 Kxe7 28. Ke3 1-0

[Event "Salon de Provence op 5th"]
[Site "Salon de Provence"]
[Date "2014.07.08"]
[Round "4"]
[White "Benavides, Jeremy"]
[Black "Valcrose, Thomas"]
[Result "1-0"]
[WhiteElo "1835"]
[BlackElo "1787"]
[PlyCount "129"]
[EventDate "2014.07.05"]
[EventType "swiss"]
[EventRounds "9"]
[EventCountry "FRA"]
[SourceTitle "EXT 2015"]
[Source "ChessBase"]
[SourceDate "2014.11.20"]
[SourceVersion "1"]
[SourceVersionDate "2014.11.20"]
[SourceQuality "1"]

1. e4 Nf6 2. e5 Nd5 3. c4 Nb6 4. d4 d6 5. f4 dxe5 6. fxe5 Nc6 7. Be3 Bf5 8. Nf3 e6 9. Nc3 Be7 10. d5 exd5 11. cxd5 Nb4 12. Nd4 Bg6 13. Bb5+ Kf8 14. 0-0 Kg8 15. Qf3 N4xd5 16. Rad1 Nxe3 17. Qxe3 Bg5 18. Qf3 Qe7 19. Kh1 c6 20. Bd3 Rf8 21. e6 Bf6 22. exf7+ Qxf7 23. Bf5 Bxf5 24. Nxf5 h5 25. Ne4 Nd5 26. Nxf6+ Qxf6 27. Qe4 Qg5 28. h4 Qg4 29. Ne7+ Nxe7 30. Rxf8+ Kxf8 31. Rd8+ Kf7 32. Qxg4 hxg4 33. Rxh8 Ng6 34. Rb8 b5 35. g3 a5 36. Rb7+ Kf6 37. Kg2 Ne5 38. b3 g6 39. Kf2 Kf5 40. Ke3 a4 41. bxa4 bxa4 42. Rb4 a3 43. Rf4+ Ke6 44. Kd4 c5+ 45. Ke4 Nd7 46. Kd3 Kd5 47. Kc3 Ne5 48. Kb3 c4+ 49. Kxa3 Kc5 50. Rf6 Kd4 51. Kb2 Nd3+ 52. Kc2 Nb4+ 53. Kb1 Kc3 54. Rxg6 Kd2 55. Rd6+ Nd3 56. h5 c3 57. Rxd3+ Kxd3 58. Kc1 Ke3 59. h6 Kf3 60. h7 Kxg3 61. h8Q Kf2 62. Qxc3 g3 63. a4 g2 64. Qd2+ Kf1 65. Qxg2+ 1-0

[Event "Salon de Provence op 5th"]
[Site "Salon de Provence"]
[Date "2014.07.07"]
[Round "3"]
[White "Merenciano, Alexandre"]
[Black "Benavides, Jeremy"]
[Result "1/2-1/2"]
[WhiteElo "1984"]
[BlackElo "1835"]
[PlyCount "81"]
[EventDate "2014.07.05"]
[EventType "swiss"]
[EventRounds "9"]
[EventCountry "FRA"]
[SourceTitle "EXT 2015"]
[Source "ChessBase"]
[SourceDate "2014.11.20"]
[SourceVersion "1"]
[SourceVersionDate "2014.11.20"]
[SourceQuality "1"]

1. e4 Nc6 2. Nf3 d5 3. exd5 Qxd5 4. Nc3 Qd8 5. Bb5 a6 6. Bxc6+ bxc6 7. Qe2 Nf6 8. 0-0 e6 9. d4 Be7 10. Bg5 0-0 11. Rfd1 a5 12. Ne5 Qe8 13. Ne4 Nxe4 14. Bxe7 Ng3 15. hxg3 Qxe7 16. Nxc6 Qd6 17. Ne5 Ba6 18. Qf3 Rab8 19. Qc3 Rb4 20. a3 Rb5 21. Rab1 Rd5 22. b4 axb4 23. axb4 f6 24. Nf3 Be2 25. Re1 Bxf3 26. gxf3 Rd8 27. Qb3 Rxd4 28. Rxe6 Qd5 29. Qxd5 R8xd5 30. Rc6 Rd7 31. Kg2 Re7 32. c4 Rd2 33. b5 Kf7 34. c5 Rc2 35. Ra1 Kg6 36. g4 Ree2 37. Rf1 Re7 38. f4 h5 39. Kg3 hxg4 40. Kxg4 Rd7 41. f5+ 1/2-1/2

[Event "Salon de Provence op 5th"]
[Site "Salon de Provence"]
[Date "2014.07.05"]
[Round "1"]
[White "Bregier, Gerard"]
[Black "Benavides, Jeremy"]
[Result "0-1"]
[WhiteElo "1480"]
[BlackElo "1835"]
[PlyCount "44"]
[EventDate "2014.07.05"]
[EventType "swiss"]
[EventRounds "9"]
[EventCountry "FRA"]
[SourceTitle "EXT 2015"]
[Source "ChessBase"]
[SourceDate "2014.11.20"]
[SourceVersion "1"]
[SourceVersionDate "2014.11.20"]
[SourceQuality "1"]

1. d4 Nf6 2. c4 g6 3. Nf3 Bg7 4. g3 0-0 5. Bg2 d6 6. 0-0 Nbd7 7. Nc3 e5 8. Bg5 h6 9. Bd2 exd4 10. Nxd4 Nb6 11. b3 Nfd7 12. Nf3 Nc5 13. Rc1 a5 14. a4 Re8 15. Be3 Bf5 16. Nh4 Ne4 17. Nd5 Nxd5 18. Nxf5 Ndc3 19. Rxc3 Nxc3 20. Nxh6+ Bxh6 21. Qd2 Bxe3 22. fxe3 Qg5 0-1

[Event "Provence-ch 1213"]
[Site "Provence"]
[Date "2013.07.11"]
[Round "8"]
[White "Benavides, Jeremy"]
[Black "Porte, Jacques"]
[Result "1-0"]
[WhiteElo "1788"]
[BlackElo "1535"]
[PlyCount "69"]
[EventDate "2013.07.06"]
[EventType "swiss"]
[EventRounds "9"]
[EventCountry "FRA"]
[SourceTitle "EXT 2015"]
[Source "ChessBase"]
[SourceDate "2014.11.20"]
[SourceVersion "1"]
[SourceVersionDate "2014.11.20"]
[SourceQuality "1"]

1. e4 e5 2. Nf3 Nc6 3. Bb5 d6 4. h3 Bd7 5. 0-0 Nf6 6. Re1 Be7 7. c3 a6 8. Ba4 b5 9. Bb3 0-0 10. d4 Na5 11. Bc2 exd4 12. cxd4 Be6 13. d5 Bd7 14. b3 c6 15. dxc6 Bxc6 16. Bb2 Nb7 17. Nc3 Nd7 18. Nd4 Rc8 19. Nxc6 Rxc6 20. Nd5 Ne5 21. Rc1 Bg5 22. f4 Bh4 23. fxe5 Bxe1 24. Qxe1 dxe5 25. Bxe5 Rg6 26. Bf4 Rc6 27. Qd2 h6 28. e5 Nc5 29. b4 Ne6 30. Qd3 Rxc2 31. Rxc2 Nxf4 32. Nxf4 Qb6+ 33. Kh2 g5 34. Nd5 Qe6 35. Nf6+ 1-0

[Event "Provence-ch 1213"]
[Site "Provence"]
[Date "2013.07.06"]
[Round "1"]
[White "Amoros, Jean"]
[Black "Benavides, Jeremy"]
[Result "0-1"]
[WhiteElo "1460"]
[BlackElo "1788"]
[PlyCount "86"]
[EventDate "2013.07.06"]
[EventType "swiss"]
[EventRounds "9"]
[EventCountry "FRA"]
[SourceTitle "EXT 2015"]
[Source "ChessBase"]
[SourceDate "2014.11.20"]
[SourceVersion "1"]
[SourceVersionDate "2014.11.20"]
[SourceQuality "1"]

1. e4 c5 2. Nf3 d6 3. d4 cxd4 4. Nxd4 Nf6 5. Nc3 a6 6. Bc4 e6 7. 0-0 Nxe4 8. Nxe4 d5 9. Bxd5 Qxd5 10. Nc3 Qd8 11. Nf3 Qxd1 12. Rxd1 Be7 13. Bf4 0-0 14. Bd6 Bxd6 15. Rxd6 Nc6 16. Rad1 e5 17. Nd5 Bg4 18. h3 Bxf3 19. gxf3 h6 20. c3 Kh7 21. Ne3 Rad8 22. Rd7 b5 23. Ng4 Rxd7 24. Rxd7 f6 25. Kf1 Kg6 26. Rd6 Rc8 27. Ne3 b4 28. Nd5 bxc3 29. bxc3 Kf7 30. Ke2 Ne7 31. Rd7 Ke6 32. Nxe7 Kxd7 33. Nxc8 Kxc8 34. Kd3 Kd7 35. Kc4 Kc6 36. a4 a5 37. Kd3 Kd5 38. c4+ Kc5 39. Kc3 g5 40. Kd3 f5 41. Kc3 h5 42. Kd3 h4 43. Kc3 g4 0-1

[Event "Marseille op 4th"]
[Site "Marseille"]
[Date "2011.12.29"]
[Round "7"]
[White "Benavides, Jeremy"]
[Black "Hileyan, Michel"]
[Result "1-0"]
[WhiteElo "1716"]
[BlackElo "1986"]
[PlyCount "49"]
[EventDate "2011.12.26"]
[EventType "swiss"]
[EventRounds "9"]
[EventCountry "FRA"]
[SourceTitle "CBM 146 Extra"]
[Source "ChessBase"]
[SourceDate "2012.02.29"]
[SourceVersion "1"]
[SourceVersionDate "2012.02.29"]
[SourceQuality "1"]

1. e4 d6 2. d4 Nd7 3. Nc3 e5 4. Nf3 Ngf6 5. Bc4 Be7 6. 0-0 0-0 7. Bb3 c6 8. Bg5 Qc7 9. Qd3 exd4 10. Nxd4 Nc5 11. Qf3 Ne6 12. Bxf6 Bxf6 13. Nf5 Nd4 14. Nxd4 Bxd4 15. Rad1 Be5 16. Qd3 Be6 17. f4 Bxc3 18. Qxc3 Bxb3 19. Qxb3 Rad8 20. Rd3 Rfe8 21. Qc3 Rxe4 22. Rg3 f5 23. Rg5 Qf7 24. Qa5 d5 25. Qxd8+ 1-0

[Event "Marseille op 4th"]
[Site "Marseille"]
[Date "2011.12.27"]
[Round "4"]
[White "Verges, Brice"]
[Black "Benavides, Jeremy"]
[Result "1-0"]
[WhiteElo "1868"]
[BlackElo "1716"]
[PlyCount "47"]
[EventDate "2011.12.26"]
[EventType "swiss"]
[EventRounds "9"]
[EventCountry "FRA"]
[SourceTitle "CBM 146 Extra"]
[Source "ChessBase"]
[SourceDate "2012.02.29"]
[SourceVersion "1"]
[SourceVersionDate "2012.02.29"]
[SourceQuality "1"]

1. e4 c5 2. Nf3 d6 3. d4 cxd4 4. Nxd4 Nf6 5. Nc3 a6 6. Be2 e6 7. 0-0 Be7 8. f4 0-0 9. Bf3 Qc7 10. Kh1 Nbd7 11. Be3 Rd8 12. Qe1 Nb6 13. Rd1 Nc4 14. Bc1 e5 15. Nde2 Bg4 16. Bxg4 Nxg4 17. Nd5 Qd7 18. b3 exf4 19. bxc4 f3 20. Rxf3 Ne5 21. Nxe7+ Qxe7 22. Rg3 Rdc8 23. Nd4 g6 24. Nf5 1-0

[Event "Marseille op 4th"]
[Site "Marseille"]
[Date "2011.12.26"]
[Round "1"]
[White "Benavides, Jeremy"]
[Black "Riff, Vincent"]
[Result "0-1"]
[WhiteElo "1716"]
[BlackElo "2319"]
[PlyCount "88"]
[EventDate "2011.12.26"]
[EventType "swiss"]
[EventRounds "9"]
[EventCountry "FRA"]
[SourceTitle "CBM 146 Extra"]
[Source "ChessBase"]
[SourceDate "2012.02.29"]
[SourceVersion "1"]
[SourceVersionDate "2012.02.29"]
[SourceQuality "1"]

1. e4 c5 2. Nf3 Nc6 3. d4 cxd4 4. Nxd4 e5 5. Nb5 d6 6. c4 Be7 7. Be2 a6 8. N5c3 Bg5 9. Bxg5 Qxg5 10. Nd5 Qd8 11. 0-0 Nge7 12. Nbc3 Be6 13. Bg4 0-0 14. Kh1 Rc8 15. Rc1 Ng6 16. Na4 Qg5 17. Ne3 Rcd8 18. Bxe6 fxe6 19. Nc3 Nf4 20. Qg4 Qh6 21. Rc2 Nd3 22. Qg3 Nc5 23. Rd2 b5 24. a3 bxc4 25. Nxc4 Na5 26. Ne3 Nab3 27. Rdd1 Nd4 28. Ng4 Qg6 29. f4 exf4 30. Rxf4 Rxf4 31. Qxf4 e5 32. Qg3 Rf8 33. Nd5 Kh8 34. h3 Nxe4 35. Qe3 Nf5 36. Qa7 h5 37. Ne7 Qf7 38. Nxe5 dxe5 39. Rd7 Nxe7 40. Rxe7 Qf1+ 41. Kh2 Qf4+ 42. Kh1 Ng3+ 43. Kg1 Qf1+ 44. Kh2 h4 0-1